Matar sem remorso: reflexioes sobre os assassinatos colectivos /

Shranjeno v:
Bibliografske podrobnosti
Glavni avtor: Enriquez, Eugène
Format: Texto
Teme:
Oznake: Označite
Brez oznak, prvi označite!

MARC

LEADER 00000 a a2200000 04500
001 8306
003
040
100 |a Enriquez, Eugène  
245 |a Matar sem remorso:   |b reflexioes sobre os assassinatos colectivos /  |c Eugène Enriquez 
650 |a DISCRIMINACION RACIAL  
650 |a GENOCIDIO  
650 |a VIOLENCIA  
650 |a TEORIA SOCIAL  
650 |a IDENTIDAD CULTURAL  
650 |a HISTORIOGRAFIA  
773 |g volumen 18, número 35; páginas 11-41  
999 |c 23229  |d 23229